Memoriale del convento /

সংরক্ষণ করুন:
গ্রন্থ-পঞ্জীর বিবরন
প্রধান লেখক: Saramago, José (লেখক)
অন্যান্য লেখক: Radulet, Carmen M. (অনুবাদক), Desti, Rita (অনুবাদক)
বিন্যাস: গ্রন্থ
ভাষা:ইতালিয়
প্রকাশিত: Milano : Feltrinelli, 2010
সংস্করন:20. ed
মালা:Universale economica ; 2207
ট্যাগগুলো: ট্যাগ যুক্ত করুন
কোনো ট্যাগ নেই, প্রথমজন হিসাবে ট্যাগ করুন!

MARC

LEADER 00000nam a22000007i 4500
001 IT\ICCU\MO1\0024617
003 ItRI
005 20251118191721.0
008 100716s2010 it |||||| ||||| |||||c
020 |a 9788807722073 
040 |b ita  |c Arcigay Viterbo 
041 7 |a ita  |2 ISO-639-2 
082 |a 869.34  |2 20 
100 1 |a Saramago, José  |0 IT\ICCU\CFIV\042098  |4 aut 
240 1 0 |a Memorial do Convento  |9 Saramago, José 
245 1 0 |a Memoriale del convento /  |c Jose Saramago ; traduzione di Rita Desti e Carmen M. Radulet ; con una nota di Rita Desti. 
250 |a 20. ed 
260 |a Milano :  |b Feltrinelli,  |c 2010 
300 |a 319 p. ;  |c 19 cm 
700 1 |a Radulet, Carmen M.  |0 IT\ICCU\CFIV\019060  |4 trl 
700 1 |a Desti, Rita  |0 IT\ICCU\CFIV\041750  |4 trl 
830 0 |a Universale economica ;  |v 2207  |0 IT\ICCU\CFI\0001103 
942 |2 ddc  |c BK  |n 0 
952 |0 0  |1 0  |2 ddc  |4 0  |6 869_340000000000000_SAR_MEM_B  |7 0  |9 9949  |a VT  |b VT  |d 2025-11-18  |e Dono di Ennio Piccirilli  |i B560  |l 0  |o 869.34 SAR MEM b  |p B560  |r 2025-11-18 19:18:00  |w 2025-11-18  |y BK  |z Dono di Ennio Piccirilli 
952 |0 0  |1 0  |2 ddc  |4 0  |6 869_340000000000000_SAR_MEM  |7 0  |9 9950  |a VT  |b VT  |d 2025-11-18  |e Dono di Ennio Piccirilli  |i B557  |l 0  |o 869.34 SAR MEM  |p B557  |r 2025-11-18 19:21:58  |w 2025-11-18  |y BK  |z Dono di Ennio Piccirilli 
981 1 |6 z01  |a i   |b xxxe  
982 1 |6 z01  |a n 
999 |c 8295  |d 8295